00254nam a2200097 a 450000500170000000800410001705000220005810000200008024500200010026000360012020140414131929.0101108s19uu xx 00 eng d aM 591.7bM24 1989 aMcPhails. David aAnimals A to Z. aNew York :bScholastic,c1989.